Secret Universe Secrets - Statistics

General Stats
  • This quiz has been taken 16 times
  • The average score is 67 of 122
Answer Stats
Hint Answer % Correct
#4 Jumper
100%
#70 Meet The Owner
100%
#82 Secret
100%
#1 Secret Universe
100%
#21 Very Important Person
100%
#65 Cognitohazard
83%
#99 Double Jeopardy
83%
#2 First Steps
83%
#41 Locke & Key
83%
#33 Puthing Around
83%
#122 Snowman
83%
#26 Spawn Shark
83%
#66 TALKE
83%
#100 Where's Waldo?
83%
#47 3600
67%
#94 A Cautionary Tale
67%
#90 Acquiescence
67%
#67 Agent Orange
67%
#74 Aim Demon
67%
#88 ALL CAPS
67%
#45 As Above, so below
67%
#15 Check It
67%
#120 Chill
67%
#30 Comeuppance
67%
#64 Debugge/r
67%
#18 Elevator Traveling
67%
#14 Expressive
67%
#112 Game Over
67%
#119 Ground Zero
67%
#68 Guest
67%
#37 Hackerman
67%
#109 Half Marathon
67%
#105 Half Measures
67%
#12 Heheheha!
67%
#17 Hello!
67%
#10 Look!
67%
#29 MY EYES!!!!!!!!!
67%
#92 Nacht der Untoten
67%
#46 Saper
67%
#7 Social Butterfly
67%
#75 StudReviewer
67%
#114 Supernova
67%
#95 Swagify
67%
#53 Titan Attack
67%
#22 To whom it may concern,
67%
#69 Transliteration
67%
#96 Under The Veil
67%
#19 Voidseeker
67%
#6 Welcome To The Club
67%
#108 20 Knots
50%
#31 6 Times 2
50%
#97 Access Granted
50%
#116 Artful Dodger
50%
#56 Back for More
50%
#61 brb
50%
#111 Cannonball
50%
#93 Chitty Chitty Bang
50%
#43 Compact Contour
50%
#89 Consumer
50%
#117 Crushed
50%
#11 Dance Now
50%
#20 Danse Macabre
50%
#101 Deep-sea Exploration
50%
#71 DIMENSION-1
50%
#77 Eyemageddon
50%
#86 Eye of the Beholder
50%
#57 Fabled
50%
#58 Fuchsia
50%
#27 Heartless
50%
#121 Heart of Gold
50%
#79 Hoarder
50%
#76 Identity Fraud
50%
#54 Long Live the King!
50%
#81 Lorem Ipsum
50%
#3 Loud & Proud
50%
#49 Many Ways
50%
#13 Marathon
50%
#8 Meet Your Maker
50%
#113 Oracle Attack
50%
#72 Overly Dedicated
50%
#73 Pareidolia
50%
#60 Quid Pro Quo
50%
#104 Relay Race
50%
#36 Sharpshooter
50%
#25 Silence!
50%
#52 Soothing Keys
50%
#5 Star
50%
#62 The Beginning
50%
#51 The Foundation
50%
#106 The Vat of Acid Secret
50%
#103 Thinking With Portals
50%
#98 Ultrafuchsia
50%
#39 Ultraviolent
50%
#38 Ultraviolet
50%
#9 Yippee!
50%
#23 3517
33%
#42 Call of the Void
33%
#87 Close Quarters
33%
#40 Compound Nouns
33%
#110 Event Horizon
33%
#107 Godspeed
33%
#24 Help Wanted
33%
#102 Horizon Scraper
33%
#16 Outsider
33%
#115 Paraphernalia
33%
#83 Photobomb
33%
#34 Post-mortem
33%
#59 Recluse
33%
#32 Remote Viewing
33%
#118 Secret Ending
33%
#80 Slippery Slope
33%
#78 Straight and Narrow
33%
#28 Superstar
33%
#85 Taking Inventory
33%
#55 Ultrastar
33%
#91 Clone Wars
17%
#44 Freudian Slip
17%
#48 Historian
17%
#35 Random Number Generator
17%
#63 Subliminal Messaging
17%
#50 Task Master
17%
#84 Theory of Relativity
17%
No matching quizzes found
Score Distribution
Percent of People with Each Score
Percentile by Number Answered
Your Score History
You have not taken this quiz